Online katalóg knižníc regiónu Turca

Tajomná záhrada (Record no. 22852)

MARC details
000 -LEADER
fixed length control field 01001nam a2200313 a 4500
001 - CONTROL NUMBER
control field 22852
003 - CONTROL NUMBER IDENTIFIER
control field SK-KTurca
005 - DATE AND TIME OF LATEST TRANSACTION
control field 20260429133031.0
008 - FIXED-LENGTH DATA ELEMENTS--GENERAL INFORMATION
fixed length control field 011120s2000 xo a j 000 1 slo c
020 ## - INTERNATIONAL STANDARD BOOK NUMBER
International Standard Book Number 8088960185 (brož.)
035 ## - SYSTEM CONTROL NUMBER
System control number UKB000297139
040 ## - CATALOGING SOURCE
Original cataloging agency BAA001
Language of cataloging slo
Transcribing agency BAA001
Description conventions AACR2
041 1# - LANGUAGE CODE
Language code of text/sound track or separate title slo
Language code of original eng
044 ## - COUNTRY OF PUBLISHING/PRODUCING ENTITY CODE
MARC country code xo
ISO country code SK
080 ## - UNIVERSAL DECIMAL CLASSIFICATION NUMBER
Universal Decimal Classification number 820-93-31
100 1# - MAIN ENTRY--PERSONAL NAME
Personal name Burnett, Frances Hodgson,
Dates associated with a name 1849-1924
245 10 - TITLE STATEMENT
Title Tajomná záhrada
Statement of responsibility, etc. Frances Hodgson Burnettová ; [ilustrácie Robin Lawrie ; z anglického originálu preložila a upravila Eva Habánová]
250 ## - EDITION STATEMENT
Edition statement 1. vyd.
260 ## - PUBLICATION, DISTRIBUTION, ETC.
Place of publication, distribution, etc. Vrútky
Name of publisher, distributor, etc. Advent Orion
Date of publication, distribution, etc. 2000
300 ## - PHYSICAL DESCRIPTION
Extent 235 s.
Other physical details il.
490 1# - SERIES STATEMENT
Series statement Prameň
650 07 - SUBJECT ADDED ENTRY--TOPICAL TERM
Topical term or geographic name entry element literatúra anglická
General subdivision próza pre deti a mládež
650 07 - SUBJECT ADDED ENTRY--TOPICAL TERM
Topical term or geographic name entry element próza pre deti a mládež anglická
653 ## - INDEX TERM--UNCONTROLLED
Uncontrolled term 820-93-31
700 1# - ADDED ENTRY--PERSONAL NAME
Personal name Habánová, Eva
Relationship trl
-- ant
765 0# - ORIGINAL LANGUAGE ENTRY
Title Secret garden
Main entry heading Burnett Hodgson, Frances Elisa, 1849-1924
830 #0 - SERIES ADDED ENTRY--UNIFORM TITLE
Uniform title Prameň
942 ## - ADDED ENTRY ELEMENTS (KOHA)
Source of classification or shelving scheme Dewey Decimal Classification
Koha item type Krásna literatúra pre dospelých
Suppress in OPAC No
Holdings
Stav vyradenia Strata Poškodenie Spôsob nadobudnutia Domovská knižnica Aktuálna knižnica Dátum nadobudnutia Total checkouts Čiarový kód exemplára Date last seen Typ exemplára
      Dar Obecná knižnica Turčianska Štiavnička Obecná knižnica Turčianska Štiavnička 29.04.2026   4738001121 29.04.2026 Krásna literatúra pre dospelých
Projekt je podporený Slovenskou asociáciou knižníc
Prevádzkuje Turčianska knižnica Martin 2026